ბათუმის შოთა რუსთაველის სახელმწიფო უნივერსიტეტის ბიბლიოთეკა

Чудеса наших субтропиков (ბიბ.ჩანაწერი № 46488)

000 -LEADER
fixed length control field 00542nam a2200205Ia 4500
001 - CONTROL NUMBER
control field 13327
003 - CONTROL NUMBER IDENTIFIER
control field GE_BSU
008 - FIXED-LENGTH DATA ELEMENTS--GENERAL INFORMATION
fixed length control field 181216s||||||||xx |||||||||||||| ||und||
040 ## - CATALOGING SOURCE
Transcribing agency GE_BSU
080 ## - UNIVERSAL DECIMAL CLASSIFICATION NUMBER
Universal Decimal Classification number 581(479.9)
100 ## - MAIN ENTRY--PERSONAL NAME
Personal name Петров,В.В.
245 ## - TITLE STATEMENT
Title Чудеса наших субтропиков
245 ## - TITLE STATEMENT
Statement of responsibility, etc. Ред.В.Н.Вяземцева
260 ## - PUBLICATION, DISTRIBUTION, ETC.
Place of publication, distribution, etc. Москва
260 ## - PUBLICATION, DISTRIBUTION, ETC.
Name of publisher, distributor, etc. Наука
260 ## - PUBLICATION, DISTRIBUTION, ETC.
Date of publication, distribution, etc. 1976
300 ## - PHYSICAL DESCRIPTION
Extent 152стр.илл.20см.
653 ## - INDEX TERM--UNCONTROLLED
Uncontrolled term Чудеса наших субтропиков
942 ## - ADDED ENTRY ELEMENTS (KOHA)
Koha item type წიგნი
ეგზემპლარები
Withdrawn status Lost status Damaged status Not for loan Date acquired Barcode Date last seen Price effective from Koha item type
        2018-12-17 20793 2018-12-17 2018-12-17 წიგნი
        2018-12-17 20794 2018-12-17 2018-12-17 წიგნი
        2018-12-17 20795 2018-12-17 2018-12-17 წიგნი
        2018-12-17 20796 2018-12-17 2018-12-17 წიგნი
        2018-12-17 20797 2018-12-17 2018-12-17 წიგნი
        2018-12-17 20798 2018-12-17 2018-12-17 წიგნი